Stylistic Analysis of Chinua Achebes Fictional works (Record no. 45133)

MARC details
000 -LEADER
fixed length control field 00497nam a2200193Ia 4500
008 - FIXED-LENGTH DATA ELEMENTS--GENERAL INFORMATION
fixed length control field 220531s9999 xx 000 0 und d
020 ## - INTERNATIONAL STANDARD BOOK NUMBER
International Standard Book Number 978-93-82630-12-8
041 ## - LANGUAGE CODE
Language code of text/sound track or separate title eng
082 ## - DEWEY DECIMAL CLASSIFICATION NUMBER
Item number STY / KHA
100 ## - MAIN ENTRY--PERSONAL NAME
Personal name Khairnar, Bharati
9 (RLIN) 81778
245 ## - TITLE STATEMENT
Title Stylistic Analysis of Chinua Achebes Fictional works
250 ## - EDITION STATEMENT
Edition statement 1ST
260 ## - PUBLICATION, DISTRIBUTION, ETC. (IMPRINT)
Place of publication, distribution, etc. Jaipur
Name of publisher, distributor, etc. Aadi
Date of publication, distribution, etc. 2013
300 ## - PHYSICAL DESCRIPTION
Extent 182
542 ## - INFORMATION RELATING TO COPYRIGHT STATUS
Copyright holder 27-03-2019
650 ## - SUBJECT ADDED ENTRY--TOPICAL TERM
Topical term or geographic name as entry element English
9 (RLIN) 81779
906 ## - LOCAL DATA ELEMENT F, LDF (RLIN)
d 2018-2019
f 16667
Holdings
Withdrawn status Lost status Source of classification or shelving scheme Damaged status Not for loan Collection code Home library Current library Date acquired Vendor Cost, normal purchase price Total Checkouts Total Holds Full call number Barcode Date last seen Cost, replacement price Bill Date Koha item type Original Barcode
    Dewey Decimal Classification       Shri Siddhivinayak Mahila Mahavidyalaya Shri Siddhivinayak Mahila Mahavidyalaya 27/03/2019 Elantas Beck Co 700.00   1 /STY/KHA/B/29086 SSMM-BK-29086 06/08/2022 700.00 06/08/2022 Books 010029086